Aman : the story of a Somali girl (Record no. 366725)

MARC details
000 -LEADER
fixed length control field 00647nam a2200241Ia 4500
008 - FIXED-LENGTH DATA ELEMENTS--GENERAL INFORMATION
fixed length control field 191130s1995##################000#0#eng##
020 ## - INTERNATIONAL STANDARD BOOK NUMBER
ISBN 9780747520221
082 ## - DEWEY DECIMAL CLASSIFICATION NUMBER
Classification number 967.7305092 AMA
100 ## - MAIN ENTRY--AUTHOR NAME
Personal name Aman
245 ## - TITLE STATEMENT
Title Aman : the story of a Somali girl
Statement of responsibility, etc Aman.; Janice Boddy; Virginia Lee Barnes
260 ## - PUBLICATION, DISTRIBUTION, ETC. (IMPRINT)
Place of publication London
Name of publisher Bloomsbury
Year of publication 1995
300 ## - PHYSICAL DESCRIPTION
Number of Pages ix, 349 p
650 ## - SUBJECT ADDED ENTRY--TOPICAL TERM
Topical Term Aman
Topical Term Somalia
Topical Term Women
Topical Term Women--Social conditions
700 ## - ADDED ENTRY--PERSONAL NAME
Personal name Barnes, Virginia Lee
Personal name Boddy, Janice
991 ## -
-- 284697
Holdings
Withdrawn status Lost status Damaged status Not for loan Home library Current library Shelving location Date acquired Full call number Accession Number Price effective from Koha item type
        Anna Centenary Library Anna Centenary Library 7TH FLOOR, B WING 17.10.2020 967.7305092 AMA 498780 17.10.2020 English Books

Find us on the map